000 00374 a2200133 4500
000 nam a22 7a 4500
005 20260129142419.0
020 _a9781394186693
100 _aMontgomery, Douglas C.; Jennings, Cheryl; Kulahci, Murat
_91112726
245 _aIntroduction to Time Series Analytics and Forecasting
250 _a3
260 _bWiley
_c2024
942 _cTEXL
999 _c1678359
_d1678359